00413pab a2200145 454500008004000000100001900040245008400059260000900143300001400152362000800166650001300174700001400187700001400201773005200215180718b2003 xxu||||| |||| 00| 0 eng d aKhan, I. Sadhu aLand use alternations and its possible impact on pre-monsoon climatic variables c2003 ap.261-69. aDec aLand use aPal, D.K. aLohar, D. aJournal of the Indian Society of Remote Sensing